000 00769nam a2200265Ia 4500
003 OSt
005 20220925164654.0
006 a|||||r|||| 00| 0
007 ta
008 220923b |||||||| |||| 00| 0 eng d
037 _cGeneral Book
040 _aRTL
_cRTL
_beng
041 _2eng
_aeng
082 _aX9(L:5):8, N8
100 _aSTEWART ROSEMARY
_9127750
245 0 _aManagement of health care
260 _aAldershot
_bAshgate
_c1998
300 _avii, 368p
_ccm.
490 _aInternational Library of Management
500 _aBibliography chapterwise
650 _a Health services
_9230971
650 _aIndustrial Economics
_9230972
942 _hX9(L:5):8, N8
_cGB
_2CC
999 _c475649
_d475649